000 00702nam a2200193Ia 4500
003 GCL
005 20240530104753.0
008 140319s9999 xx 000 0 ara d
040 _aGCL /
_cGCL
082 0 4 _a328.31
_bم د
100 1 _aمحمد احمد اسماعيل على
245 1 0 _aدور المثقفين فى التنمية السياسية دراسة نظرية مع التطبيق على مصر الجزء الثانى /
_cمحمد احمد اسماعيل على
260 _a[S.N] :
_bلجنة الاعلام والدراسات المستقبلية
300 _a576 ص
650 0 4 _aمصر
650 0 4 _aالسياسة
650 0 4 _aالسياسة فى مصر
942 _2ddc
_cBK
999 _c50532
_d50532